Three-Word Bible Phrases Quiz Stats

Quiz Updated Aug 16, 2017

Challenge
Share
Tweet
Embed
Score 0/20 Timer 05:00
42 Plays Today
Question Answer Wrong Answers
a great fish Jonah
84.5%
Numbers
2.7%
1 Corinthians
2.5%
Jeremiah
2.8%
bush was burning Exodus
84.2%
Matthew
3.2%
Ezra
3%
Philippians
2.2%
born in Bethlehem Matthew
82.1%
Acts
3.9%
Romans
4%
1 Samuel
2.7%
from Caesar Augustus Luke
72.5%
James
7.6%
Isaiah
6.9%
Joshua
5.4%
burning fiery furnace Daniel
69.7%
Leviticus
10.6%
Hebrews
7.4%
1 Chronicles
4.8%
daughters-in-law Ruth
69.6%
Esther
14.2%
Galatians
3.5%
Judges
5.3%
Love is patient 1 Corinthians
68.8%
Proverbs
15.1%
Lamentations
3.9%
Mark
5.3%
wages of sin Romans
67.6%
1 Kings
9.5%
Colossians
9.9%
Hosea
5.6%
baked with leaven Leviticus
67%
Nehemiah
5.4%
Ephesians
5.5%
Numbers
14.6%
fear no evil Psalms
66.4%
Jeremiah
4.9%
John
11.4%
Revelation
10%
beginning of knowledge Proverbs
66.3%
Job
6.5%
Song of Solomon
15%
Mark
4.8%
vanity of vanities Ecclesiastes
65.6%
Genesis
6%
Psalms
16.4%
John
4.6%
Word became flesh John
64.9%
Genesis
21%
2 Kings
3.1%
Jude
3.4%
just and blameless Job
61.7%
Zechariah
6.3%
Isaiah
15.6%
2 Samuel
8.6%
three hundred cubits Genesis
58%
Luke
3.5%
Deuteronomy
25.4%
Acts
5.6%
the seven seals Revelation
54.6%
Daniel
11.5%
Ezekiel
19.4%
Philemon
7.1%
with the jawbone Judges
51.8%
Obadiah
12.1%
1 Thessalonians
5.6%
Joshua
23%
fairest among women Song of Solomon
39.3%
Deuteronomy
2.9%
Esther
47.5%
Ecclesiastes
3.1%
heart is deceitful Jeremiah
27.6%
2 Chronicles
13.3%
Ruth
9.3%
Lamentations
42.3%
God's chosen ones Colossians
15.7%
Exodus
57%
1 Peter
16.5%
Titus
3.6%

You're not logged in!

Compare scores with friends on all Sporcle quizzes.
Sign Up with Email
OR
Log In

You Might Also Like...

Show Comments

Extras

Top Quizzes Today


Score Distribution

Your Account Isn't Verified!

In order to create a playlist on Sporcle, you need to verify the email address you used during registration. Go to your Sporcle Settings to finish the process.